Skip to content
VuFind
All Fields
Title
Author
Subject
Call Number
ISBN/ISSN
Tag
Find
Advanced
Gopi si kura-kura
Cite this
Print
Export Record
Export to RefWorks
Export to EndNoteWeb
Export to EndNote
Export to MARC
Gopi si kura-kura
Bibliographic Details
Format:
Book
Holdings
Description
Similar Items
Staff View
MARC
LEADER
00000cam a2200000 7i4500
001
0000006931
002
000007464
005
20000330.0
020
|a
9679410714
090
0
0
|a
J 597
|b
ALA
245
1
0
|a
Gopi si kura-kura
999
|a
0005826
|b
BUKU
|c
PINJAMAN
|e
PERPUSTAKAAN KOMUNITI PETALING JAYA
Similar Items
Si kura-kura kecil
Published: (2014)
Si Halus Kura-Kura
by: Azman Shah Daud
Katak dan berudu
by: Back, Christine
Published: (1995)
Nature watch : snakes
by: Taylor, Barbara
Published: (1998)
Ketakjuban ular
by: Parsons, Alexandra
Published: (1997)